Statistics for 100 Greatest Musical Artists Of All Time

Click here to take the quiz!

General Stats

  • This quiz has been taken 17,773 times
  • The average score is 33 of 100

Answer Stats

HintAnswer% Correct
1.The Beatles
91%
2.Michael Jackson
86%
4.The Rolling Stones
78%
8.Elvis Presley
74%
16.Madonna
68%
17.Queen
68%
14.Nirvana
63%
3.Led Zeppelin
61%
23.AC/DC
57%
28.Elton John
57%
79.Eminem
56%
5.Bob Dylan
55%
18.Pink Floyd
55%
27.Aretha Franklin
54%
31.John Lennon
54%
42.Metallica
54%
52.Beyoncé Knowles
53%
7.Prince
53%
6.Jimi Hendrix
52%
13.The Who
50%
19.U2
50%
12.David Bowie
49%
60.Whitney Houston
48%
33.Guns N' Roses
46%
15.The Beach Boys
46%
47.Jay-Z
45%
36.Paul McCartney
44%
65.The Doors
44%
30.Aerosmith
43%
69.Tupac Shakur
43%
81.ABBA
42%
21.Bruce Springsteen
42%
10.Stevie Wonder
42%
32.Black Sabbath
40%
35.Johnny Cash
39%
11Bob Marley
38%
22.The Clash
37%
40.The Police
37%
94.Mariah Carey
35%
9.James Brown
34%
25.Chuck Berry
33%
37.Fleetwood Mac
33%
72.Janis Joplin
33%
20.Marvin Gaye
33%
34.Tina Turner
33%
51.Billy Joel
32%
43.Ray Charles
32%
88.The Bee Gees
31%
91.Green Day
30%
67.Coldplay
29%
56.KISS
29%
29.Radiohead
29%
45.The Ramones
29%
61.Cream
28%
39.The Kinks
28%
41.Van Halen
28%
62.Genesis
27%
26.Neil Young
27%
93.Pearl Jam
27%
63.The Notorious B.I.G.
27%
71.R.E.M.
26%
92.LL Cool J
24%
100.Alicia Keys
23%
66.Justin Timberlake
23%
87.George Michael
22%
53.Little Richard
22%
86.N.W.A.
22%
68.Otis Redding
22%
73.Van Morrison
22%
89.Beastie Boys
21%
76.Run-D.M.C.
21%
85.The Band
21%
96.Journey
20%
24.The Velvet Underground
20%
70.Def Leppard
19%
74.The Cure
19%
59.Tom Petty And The Heartbreakers
19%
77.Lynyrd Skynyrd
18%
75.Rush
17%
64.Talking Heads
17%
90.Elvis Costello
16%
57.Iggy Pop And The Stooges
15%
44.Joni Mitchell
15%
54.Public Enemy
15%
98.Depeche Mode
14%
83.Earth, Wind And Fire
14%
46.Al Green
13%
55.Peter Gabriel
12%
95.OutKast
11%
48.Rage Against The Machine
11%
99.Hall And Oates
10%
78.Judas Priest
10%
38.Sly And The Family Stone
10%
97.Pretenders
9%
84.Curtis Mayfield
8%
82.Steely Dan
8%
80.Mary J. Blige
7%
58.Cheap Trick
6%
49.Parliament Funkadelic
6%
50.Sade
6%

Score Distribution

Percentile by Number Answered

Percent of People with Each Score

Your Score History

You have not taken this quiz